| 000 | 01328nam a2200241 i 4500 | ||
|---|---|---|---|
| 001 | 43508 | ||
| 003 | ES-MaACL | ||
| 005 | 20251114135835.0 | ||
| 007 | t| | ||
| 008 | 030318s1916 sp f |||| | spa d | ||
| 080 | _a821.134.2-32"15" | ||
| 100 | 1 |
_aCervantes Saavedra, Miguel de, _d1547-1616 _9226514 |
|
| 245 | 1 | 0 |
_aRinconete y Cortadillo _b: novela / _cpor Miguel de Cervantes Saavedra. |
| 260 |
_aMadrid : _bCírculo de Bellas Artes, Sección de Arte Decorativo, _c1916 ( _fA. de Ángel Alcoy) |
||
| 300 |
_aIII, 96 h., [6] h. de lám. ; _c25 cm. |
||
| 500 | _aCada una de las hojas va rodeada de una orla ; con el último retr. de Cervantes y 5 láms. firmadas por Aspiazu, Díaz Huertas y Penagos. | ||
| 530 | _aDisponible en formato digital. | ||
| 595 | _aEn preliminares: "Este libro fue editado por iniciativa de la Sección de Arte Decorativo del Círculo de Bellas Artes de Madrid, como homenaje a la gloriosa memoria de Miguel Cervantes Saavedra, y con motivo del tercer centenario de la muerte de tan preclaro ingenio" | ||
| 700 | 1 |
_aPenagos, Rafael de, _d1889-1954 _990146 |
|
| 852 |
_aES-MaACL _jF-6728 _z- Enc. cart. con adornos |
||
| 856 |
_uhttp://bibliotecavirtualmadrid.org/bvmadrid_publicacion/i18n/consulta/registro.cmd?id=3854 _zBiblioteca Digital de la Comunidad de Madrid |
||
| 999 |
_c43508 _d43508 |
||